000 00797nam a2200229Ia 4500
003 OSt
005 20220923213554.0
006 a|||||r|||| 00| 0
007 ta
008 220922b |||||||| |||| 00| 0 hin d
024 _a162,974
037 _cTextual
040 _aARTS
_cARTS
_bhin
041 _2hin
_ahin
082 _aO152:1N08x, K5
100 _aदिनकर, रामधारीसिंह
245 0 _aदिनकर की सूक्तियां
_b दिनकर काव्य ग्रंथो से सगंृहीत
246 _aDinakar kī sūktiyāan: dinakar kāvya grantho se saganṛuhīta
260 _c1965
942 _hO152:1N08x, K5
_cTEXL
_2CC
999 _c317454
_d317454